000
00189 a2200097 4500
001
22609
100
_a
Arnold, T
245
_a
Legacy of Islm
260
_a
_b
Oxfo
_c
090
_c
15265
_d
15265
942
_a
NUST-CAE
_c
M
_c
5853
999
_c
257682
_d
257682